[Event "4NCL"]
[Site "Barcelo Hotel, Hinkley Island,"]
[Date "2011.04.30"]
[Round "9.15"]
[White "Hanley, Craig A"]
[Black "Knott, Simon JB"]
[Result "0-1"]
[WhiteElo "2433"]
[BlackElo "2329"]
[PlyCount "102"]
[EventDate "2011.??.??"]
[WhiteTeam "Wood Green Hilsmark 2"]
[BlackTeam "Barbican 4NCL 2"]

1. e4 e6 2. d4 d5 3. Nd2 c5 4. exd5 Qxd5 5. Ngf3 cxd4 6. Bc4 Qd6 7. O-O Nf6 8.
Nb3 Nc6 9. Nbxd4 Nxd4 10. Nxd4 a6 11. Re1 Qc7 12. Qe2 Bd6 13. Bg5 O-O 14. Bd3
Bxh2+ 15. Kh1 Bf4 16. Bxf6 gxf6 17. Qg4+ Bg5 18. Re4 h6 19. Qh5 f5 20. Re2 Qf4
21. Nf3 Qg4 22. Qxg4 fxg4 23. Nxg5 hxg5 24. Rd1 Kg7 25. Re5 f5 26. Bc4 Kf6 27.
Rc5 b5 28. Bb3 Ra7 29. Rd6 Re7 30. c4 bxc4 31. Bxc4 Bb7 32. Kg1 Rh8 33. b4 Be4
34. Kf1 Rh1+ 35. Ke2 Bxg2 36. Bd3 Bf1+ 37. Kd2 Bxd3 38. Rxd3 Rh3 39. Ra5 Rb7
40. a3 Rb6 41. Rc5 Rxd3+ 42. Kxd3 Rd6+ 43. Ke2 f4 44. Rc8 Kf5 45. Rc4 e5 46. a4
f3+ 47. Ke1 Rd3 48. Rc6 Rb3 49. Rxa6 Rxb4 50. a5 Rb2 51. Ra8 Re2+ 0-1

[Event "4NCL"]
[Site "Barcelo Hotel, Hinkley Island,"]
[Date "2011.04.30"]
[Round "9.15"]
[White "Rogers, Jonathan W"]
[Black "Greet, Andrew N"]
[Result "1-0"]
[WhiteElo "2338"]
[BlackElo "2451"]
[PlyCount "95"]
[EventDate "2011.??.??"]
[WhiteTeam "Barbican 4NCL 2"]
[BlackTeam "Wood Green Hilsmark 2"]

1. d4 Nf6 2. c4 e6 3. Nf3 b6 4. g3 Ba6 5. Nbd2 d5 6. Bg2 Bd6 7. b3 c5 8. O-O
O-O 9. e4 dxe4 10. Ng5 Nc6 11. dxc5 Bxc5 12. Ndxe4 Rc8 13. Bb2 Nxe4 14. Nxe4
Bd4 15. Qe2 f5 16. Rad1 e5 17. Nc3 Qd6 18. Nb5 Bxb5 19. cxb5 Nb4 20. Rd2 Rfd8
21. Rfd1 Qf6 22. Bxd4 exd4 23. Rxd4 Rxd4 24. Rxd4 Qxd4 25. Qe6+ Kf8 26. Qxc8+
Ke7 27. Qxf5 Nxa2 28. Bd5 Kd6 29. Bc4 Qe5 30. Qxh7 Kc5 31. Qc2 Nc3 32. Qd3 Kb4
33. Qd2 Qf6 34. h4 Ka3 35. Kg2 Qe5 36. Qf4 Qc5 37. Qf7 Nxb5 38. Bxb5 Qxb5 39.
Qxa7+ Kxb3 40. Qxg7 Qd5+ 41. Kh2 b5 42. Qg4 b4 43. h5 Qd2 44. Qf4 Qc2 45. Qf7+
Kb2 46. h6 b3 47. h7 Qc3 48. Qf8 1-0

[Event "4NCL"]
[Site "Barcelo Hotel, Hinkley Island,"]
[Date "2011.04.30"]
[Round "9.15"]
[White "Houska, Jovanka"]
[Black "Griffiths, Ryan Rhys"]
[Result "1-0"]
[WhiteElo "2419"]
[BlackElo "2259"]
[PlyCount "87"]
[EventDate "2011.??.??"]
[WhiteTeam "Wood Green Hilsmark 2"]
[BlackTeam "Barbican 4NCL 2"]

1. d4 Nf6 2. Nf3 e6 3. c4 b6 4. g3 Ba6 5. b3 b5 6. cxb5 Bxb5 7. Bg2 d5 8. Nc3
Ba6 9. O-O Nbd7 10. Re1 Bb4 11. Bd2 c5 12. a3 Bxc3 13. Bxc3 Ne4 14. Rc1 Nxc3
15. Rxc3 Qb6 16. dxc5 Nxc5 17. Ne5 f6 18. Bxd5 O-O-O 19. Nd3 Rxd5 20. b4 Rhd8
21. Qc2 Bxd3 22. exd3 Rxd3 23. Rxc5+ Kb8 24. Rc1 Qb7 25. a4 Rd2 26. Qb3 R2d3
27. R5c3 R3d4 28. Rc6 Rxb4 29. Qxe6 Rb6 30. a5 Rxc6 31. Rxc6 Qb1+ 32. Kg2 Qb5
33. Rd6 Qxa5 34. Qb3+ Kc7 35. Rxd8 Kxd8 36. Qg8+ Ke7 37. Qxg7+ Ke6 38. Qg8+ Ke5
39. Qxh7 Qd5+ 40. f3 Qd2+ 41. Kh3 a5 42. Qe7+ Kf5 43. Qe4+ Kg5 44. Qh7 1-0

[Event "4NCL"]
[Site "Barcelo Hotel, Hinkley Island,"]
[Date "2011.04.30"]
[Round "9.15"]
[White "Dorrington, Chris J"]
[Black "Tiller, Bjorn"]
[Result "1-0"]
[WhiteElo "2263"]
[BlackElo "2393"]
[PlyCount "87"]
[EventDate "2011.??.??"]
[WhiteTeam "Barbican 4NCL 2"]
[BlackTeam "Wood Green Hilsmark 2"]

1. d4 g6 2. e4 d6 3. Nf3 Bg7 4. Be2 Nf6 5. Nc3 O-O 6. O-O a6 7. Re1 e6 8. Bd3
c5 9. dxc5 dxc5 10. e5 Nd5 11. Ne4 b5 12. Nxc5 Qc7 13. Nb3 Nd7 14. Qe2 Bb7 15.
Bd2 b4 16. Rac1 a5 17. c4 bxc3 18. bxc3 Nc5 19. Nxc5 Qxc5 20. Be4 Rab8 21. c4
Nb4 22. Bxb4 axb4 23. Bxb7 Rxb7 24. Nd2 Ra8 25. Nb3 Qa7 26. Rc2 Rb6 27. Qe4 Ra6
28. Ree2 Rd8 29. g3 Qa8 30. Qxa8 Raxa8 31. c5 Rd5 32. f4 Bf8 33. Re4 Rc8 34.
Kg2 Rb8 35. Rd4 Be7 36. Rxd5 exd5 37. Kf3 f6 38. Ke3 fxe5 39. fxe5 Kf7 40. Kd4
Ke6 41. c6 Rc8 42. Nc5+ Bxc5+ 43. Rxc5 Rc7 44. Rxd5 1-0

[Event "4NCL"]
[Site "Barcelo Hotel, Hinkley Island,"]
[Date "2011.04.30"]
[Round "9.15"]
[White "Sowray, Peter J"]
[Black "Berry, Neil"]
[Result "1-0"]
[WhiteElo "2340"]
[BlackElo "2331"]
[PlyCount "123"]
[EventDate "2011.??.??"]
[WhiteTeam "Wood Green Hilsmark 2"]
[BlackTeam "Barbican 4NCL 2"]

1. e4 e6 2. d4 d5 3. Nc3 Bb4 4. e5 c5 5. a3 Bxc3+ 6. bxc3 Ne7 7. Qg4 Kf8 8. Qd1
Qa5 9. Bd2 cxd4 10. cxd4 Qa4 11. Nf3 b6 12. h4 Ba6 13. h5 h6 14. Rh4 Nbc6 15.
Rf4 Ke8 16. Bxa6 Qxa6 17. Nh4 Rc8 18. Qf3 Nd8 19. c3 Qb5 20. Rg4 Rg8 21. Qg3
Qb2 22. Rd1 Kf8 23. Qf3 Ke8 24. Qd3 Qxa3 25. Qh7 Rxc3 26. Rxg7 Rxg7 27. Qxg7
Rd3 28. Qxh6 Rxd4 29. Nf3 Rg4 30. Qh8+ Kd7 31. h6 Rxg2 32. Qf6 Nf5 33. Bg5 Nc6
34. Qxf7+ Nce7 35. Bxe7 Qxf3 36. Bf6+ Kc6 37. Qxe6+ Kb7 38. Qd7+ Kb8 39. Qd8+
Kb7 40. Qd7+ Kb8 41. Qd8+ Kb7 42. Qxd5+ Qxd5 43. Rxd5 Nxh6 44. Rd7+ Kc6 45.
Rxa7 Ng8 46. Bd8 Rg4 47. f3 Rg6 48. Ke2 Kd5 49. f4 Ke4 50. Ra4+ Kf5 51. Rb4 Rh6
52. Bg5 Re6 53. Ke3 Nh6 54. Bxh6 Rxh6 55. Kd4 Kxf4 56. Kd5+ Kf5 57. Rb1 Rh8 58.
Rf1+ Kg6 59. e6 b5 60. e7 Kg7 61. Ke6 Ra8 62. Rg1+ 1-0

[Event "4NCL"]
[Site "Barcelo Hotel, Hinkley Island,"]
[Date "2011.04.30"]
[Round "9.15"]
[White "Bhatia, Kanwal K"]
[Black "McDonald, Neil"]
[Result "0-1"]
[WhiteElo "2087"]
[BlackElo "2460"]
[PlyCount "64"]
[EventDate "2011.??.??"]
[WhiteTeam "Barbican 4NCL 2"]
[BlackTeam "Wood Green Hilsmark 2"]

1. e4 e6 2. d4 d5 3. Nd2 Nf6 4. e5 Nfd7 5. f4 c5 6. c3 Nc6 7. Ndf3 cxd4 8. cxd4
f5 9. Bd3 Be7 10. Ne2 Nb6 11. a3 a5 12. b3 O-O 13. O-O Bd7 14. Kh1 a4 15. Rb1
axb3 16. Qxb3 Nc4 17. Bxc4 Na5 18. Qb6 dxc4 19. Ng5 Qc8 20. Nc3 Nb3 21. Rxb3
Bd8 22. Qb4 Ba5 23. Qe7 cxb3 24. Bb2 Bxc3 25. Bxc3 h6 26. Nf3 Qxc3 27. Qxd7 Qc4
28. Rg1 Rfd8 29. Qe7 Re8 30. Qd6 Ra6 31. Qd7 Qc6 32. Qxc6 bxc6 0-1

[Event "4NCL"]
[Site "Barcelo Hotel, Hinkley Island,"]
[Date "2011.04.30"]
[Round "9.15"]
[White "Martin, Andrew D"]
[Black "Bigg, Andrew J"]
[Result "1/2-1/2"]
[WhiteElo "2406"]
[BlackElo "2313"]
[PlyCount "35"]
[EventDate "2011.??.??"]
[WhiteTeam "Wood Green Hilsmark 2"]
[BlackTeam "Barbican 4NCL 2"]

1. g3 e5 2. c4 Nc6 3. Bg2 g6 4. Nc3 Bg7 5. e3 h5 6. Nf3 d6 7. d4 Nh6 8. d5 Ne7
9. e4 Bd7 10. Bd2 f6 11. b4 Nf7 12. a4 g5 13. h4 Ng6 14. Bc1 g4 15. Nh2 Bh6 16.
Nf1 a5 17. b5 b6 18. Ne3 1/2-1/2

[Event "4NCL"]
[Site "Barcelo Hotel, Hinkley Island,"]
[Date "2011.04.30"]
[Round "9.15"]
[White "Coleman, David J"]
[Black "Bellon Lopez, Juan M"]
[Result "0-1"]
[WhiteElo "2258"]
[BlackElo "2397"]
[PlyCount "140"]
[EventDate "2011.??.??"]
[WhiteTeam "Barbican 4NCL 2"]
[BlackTeam "Wood Green Hilsmark 2"]

1. e4 c5 2. Nf3 Qa5 3. Na3 e6 4. c3 Nf6 5. e5 Nd5 6. Nc4 Qc7 7. a4 Nc6 8. g3
Nb6 9. Ne3 d5 10. d4 c4 11. h4 Na5 12. Nd2 Bd7 13. h5 Qc6 14. h6 g6 15. Ng4 Be7
16. Qf3 O-O 17. Nf6+ Kh8 18. Rh4 Nxa4 19. Rf4 Be8 20. Be2 b5 21. Bd1 Qc8 22.
Bc2 Qd8 23. Qd1 Nc6 24. Nf3 Nb6 25. Ng5 Bxf6 26. Rxf6 Nd7 27. Rf3 Qe7 28. Qe2
a5 29. Nh3 f5 30. exf6 Nxf6 31. Bg5 Bd7 32. Nf4 Qe8 33. Nxg6+ hxg6 34. Bxf6+
Kh7 35. Bg7 Rxf3 36. Qxf3 e5 37. O-O-O e4 38. Qf6 Qe6 39. Qh4 Ne7 40. Be5 Rf8
41. Bf4 Rf7 42. Re1 Qg4 43. Qxg4 Bxg4 44. Bd1 Bxd1 45. Kxd1 Nf5 46. Rh1 a4 47.
Kd2 Ne7 48. Be3 Rf3 49. g4 Ng8 50. Rh4 Ne7 51. Rh1 Nc6 52. Rh4 Nd8 53. g5 Rf5
54. Rg4 Ne6 55. Kc2 Rf7 56. Rh4 Rb7 57. Rh1 Nd8 58. Rh4 Rf7 59. Rg4 Nc6 60. Rg1
Ne7 61. Rg4 Nf5 62. Kd2 Ra7 63. f3 a3 64. Rg1 a2 65. Ra1 exf3 66. Bg1 Nd6 67.
Be3 Ne4+ 68. Ke1 f2+ 69. Kf1 Rf7 70. Kg2 f1=Q+ 0-1

[Event "4NCL"]
[Site "Barcelo Hotel, Hinkley Island,"]
[Date "2011.04.30"]
[Round "9.16"]
[White "Slaby, Jerzy"]
[Black "Zakarian, David"]
[Result "1-0"]
[WhiteElo "2481"]
[BlackElo "2362"]
[PlyCount "85"]
[EventDate "2011.??.??"]
[WhiteTeam "Pandora's Box Grantham"]
[BlackTeam "Oxford 1"]

1. g3 d5 2. Bg2 Nf6 3. Nf3 c6 4. O-O Bf5 5. d3 h6 6. c4 dxc4 7. dxc4 Qxd1 8.
Rxd1 e6 9. Nd4 Bg6 10. Nc3 Nbd7 11. a3 a5 12. Be3 Ng4 13. Bd2 Bc5 14. Be1 e5
15. Nb3 Bb6 16. Na4 Bc7 17. Nac5 Ngf6 18. Nxb7 Bc2 19. N3xa5 Bxd1 20. Rxd1 e4
21. Nxc6 Ne5 22. Nxe5 Bxe5 23. Bb4 Rb8 24. Nc5 O-O 25. Nxe4 Nxe4 26. Bxe4 Rfd8
27. Rb1 g5 28. Bd5 Kg7 29. e3 f5 30. Kg2 Bf6 31. Ba5 Rd7 32. b4 Ra7 33. Rd1 Bb2
34. Rd3 Kf6 35. c5 g4 36. c6 Be5 37. Bc4 h5 38. Rd7 Rba8 39. Bd8+ Kg6 40. Bf7+
Kh6 41. Rxa7 Rxa7 42. Be6 Rxa3 43. c7 1-0

[Event "4NCL"]
[Site "Barcelo Hotel, Hinkley Island,"]
[Date "2011.04.30"]
[Round "9.16"]
[White "Rose, Matthew"]
[Black "Burrows, Martin P"]
[Result "1/2-1/2"]
[WhiteElo "2276"]
[BlackElo "2168"]
[PlyCount "76"]
[EventDate "2011.??.??"]
[WhiteTeam "Oxford 1"]
[BlackTeam "Pandora's Box Grantham"]

1. e4 c5 2. c3 d5 3. exd5 Qxd5 4. d4 e6 5. Nf3 Nf6 6. Na3 Nc6 7. Be3 cxd4 8.
Nb5 Qd8 9. Nbxd4 Nxd4 10. Bxd4 Be7 11. Bd3 O-O 12. Qe2 Qd5 13. h3 Bd7 14. Ne5
Rfd8 15. Ng4 Bc6 16. O-O-O Qxa2 17. Bb1 Qa1 18. Qc2 Ne4 19. f3 f5 20. Qe2 fxg4
21. fxe4 Bg5+ 22. Kc2 Kh8 23. Qxg4 e5 24. Bxe5 Qa4+ 25. b3 Qxe4+ 26. Qxe4 Bxe4+
27. Kb2 Bxg2 28. Rhg1 Rxd1 29. Rxd1 Rd8 30. Bd4 Bc6 31. Rf1 a6 32. Rf7 Bh6 33.
Bd3 Bd5 34. Re7 Kg8 35. Kc2 g6 36. Re5 Bf7 37. Re7 Bd5 38. Re5 Bf7 1/2-1/2

[Event "4NCL"]
[Site "Barcelo Hotel, Hinkley Island,"]
[Date "2011.04.30"]
[Round "9.16"]
[White "Cumbers, Paul"]
[Black "Savage, Ben DM"]
[Result "1-0"]
[WhiteElo "2214"]
[BlackElo "2289"]
[PlyCount "129"]
[EventDate "2011.??.??"]
[WhiteTeam "Pandora's Box Grantham"]
[BlackTeam "Oxford 1"]

1. d4 Nf6 2. c4 e6 3. Nc3 Bb4 4. f3 d5 5. a3 Be7 6. e4 dxe4 7. fxe4 e5 8. d5
Bc5 9. Nf3 Bg4 10. Qd3 Bxf3 11. Qxf3 a5 12. Bd2 Nbd7 13. Bd3 O-O 14. Ne2 Ne8
15. Ng3 Nd6 16. O-O-O Bd4 17. Nf5 Nxf5 18. exf5 e4 19. Bxe4 Qf6 20. Bc3 Bxc3
21. Qxc3 Qxc3+ 22. bxc3 Rfe8 23. Bf3 Re3 24. Kd2 Rae8 25. Rhe1 Rxe1 26. Rxe1
Rxe1 27. Kxe1 Kf8 28. Kd2 Ke7 29. Ke3 Kd6 30. Kd4 b6 31. Bd1 f6 32. g4 Nc5 33.
a4 Nd7 34. Be2 Ne5 35. h3 Nf7 36. c5+ bxc5+ 37. Kc4 Ne5+ 38. Kb5 Kxd5 39. Kxa5
Nc4+ 40. Ka6 Nd6 41. Ka7 c4 42. Kb8 Kc5 43. a5 Nb5 44. a6 Kb6 45. Bxc4 Na7 46.
Be2 c6 47. Bf1 c5 48. Be2 Nc6+ 49. Kc8 h5 50. Kd7 hxg4 51. hxg4 c4 52. Ke8 Ne5
53. Kf8 g6 54. Ke7 gxf5 55. gxf5 Kxa6 56. Kxf6 Nd3 57. Ke7 Kb5 58. f6 Nf4 59.
Bf3 Ng6+ 60. Kd6 Ka4 61. Be4 Nh8 62. Kc5 Kb3 63. Kd4 Nf7 64. Bd5 Nd6 65. f7 1-0

[Event "4NCL"]
[Site "Barcelo Hotel, Hinkley Island,"]
[Date "2011.04.30"]
[Round "9.16"]
[White "Eckersley-Waites, Tom"]
[Black "Mangione, Claudio"]
[Result "1-0"]
[WhiteElo "2246"]
[BlackElo "2110"]
[PlyCount "141"]
[EventDate "2011.??.??"]
[WhiteTeam "Oxford 1"]
[BlackTeam "Pandora's Box Grantham"]

1. e4 g6 2. d4 Bg7 3. Nf3 d6 4. c4 Nf6 5. Nc3 O-O 6. Be2 e5 7. O-O Nh5 8. Bg5
f6 9. Be3 Nf4 10. Qb3 Nxe2+ 11. Nxe2 Kh8 12. Rfd1 Qe7 13. Nc3 Na6 14. Rac1 Re8
15. c5 dxc5 16. dxc5 c6 17. Rd6 Be6 18. Qd1 Bf8 19. Na4 Qc7 20. Rd2 Rad8 21. b3
Be7 22. Rc3 Qa5 23. h3 Kg7 24. Kh2 Rxd2 25. Nxd2 Rd8 26. a3 Rd7 27. b4 Qd8 28.
Nb2 Nc7 29. a4 Na6 30. b5 Nc7 31. Qe2 Qa8 32. g3 cxb5 33. axb5 a6 34. bxa6 bxa6
35. Na4 Nb5 36. Rc1 Nd4 37. Qd1 Qc6 38. Nb6 Rd8 39. Qa4 Qxa4 40. Nxa4 Nc6 41.
Rb1 a5 42. Rb6 Rc8 43. Ra6 Kf7 44. Nb6 Nb4 45. Rxa5 Rc6 46. Ra7 Ke8 47. Nbc4
Bxc4 48. Nxc4 Nc2 49. Ra8+ Kf7 50. Na5 Rc7 51. c6 Nxe3 52. fxe3 Bb4 53. Nb7 Ke7
54. Ra6 Bd2 55. Kg2 Bxe3 56. Kf3 Bd4 57. g4 h6 58. Ke2 Ke6 59. Nd8+ Ke7 60. Nb7
Ke6 61. Kd3 f5 62. gxf5+ gxf5 63. exf5+ Kd5 64. Nd8 e4+ 65. Kd2 Bf6 66. Ne6
Bg5+ 67. Kc3 Rc8 68. c7 Bf6+ 69. Kd2 Be5 70. Ra5+ Kd6 71. Ke3 1-0

[Event "4NCL"]
[Site "Barcelo Hotel, Hinkley Island,"]
[Date "2011.04.30"]
[Round "9.16"]
[White "McCarthy, Kevin C"]
[Black "Shaw, David A"]
[Result "1/2-1/2"]
[WhiteElo "2018"]
[BlackElo "2244"]
[PlyCount "127"]
[EventDate "2011.??.??"]
[WhiteTeam "Pandora's Box Grantham"]
[BlackTeam "Oxford 1"]

1. c4 e6 2. g3 d5 3. Bg2 Nf6 4. d4 c6 5. cxd5 exd5 6. Nf3 Bf5 7. Nc3 Nbd7 8.
O-O h6 9. Re1 Be7 10. Qb3 Qb6 11. Qxb6 Nxb6 12. Ne5 O-O 13. e4 dxe4 14. Nxe4
Bxe4 15. Bxe4 Bb4 16. Re2 Nxe4 17. Rxe4 Rad8 18. Nf3 Rfe8 19. Rxe8+ Rxe8 20. a3
Be7 21. Bd2 Nc4 22. Bc3 Bf6 23. Kf1 Nd6 24. Re1 Rxe1+ 25. Kxe1 Nb5 26. Kd2 Nxc3
27. Kxc3 Kf8 28. Kd3 Ke7 29. b3 Ke6 30. Ke4 Be7 31. a4 f5+ 32. Kd3 Kd5 33. Ne1
c5 34. Nc2 cxd4 35. Nxd4 g6 36. Ne2 g5 37. f3 Bf6 38. h3 h5 39. g4 hxg4 40.
hxg4 fxg4 41. fxg4 Ke5 42. Ke3 Be7 43. Kd3 Bc5 44. Kc4 Bb6 45. Kd3 Bf2 46. b4
a6 47. b5 axb5 48. axb5 b6 49. Nc3 Kf4 50. Ne4 Bg1 51. Nf6 Bc5 52. Nd7 Bf2 53.
Nf6 Bc5 54. Nd7 Bf2 55. Nf6 Bg1 56. Kc4 Ke5 57. Nd7+ Ke6 58. Nf8+ Kd6 59. Nh7
Be3 60. Kd3 Bc1 61. Kc2 Bf4 62. Kb3 Ke7 63. Kc4 Kf7 64. Kd5 1/2-1/2

[Event "4NCL"]
[Site "Barcelo Hotel, Hinkley Island,"]
[Date "2011.04.30"]
[Round "9.16"]
[White "Wells, Daniel J"]
[Black "Smallbone, Kieran D"]
[Result "1-0"]
[WhiteElo "1997"]
[BlackElo "2221"]
[PlyCount "55"]
[EventDate "2011.??.??"]
[WhiteTeam "Pandora's Box Grantham"]
[BlackTeam "Oxford 1"]

1. e4 c6 2. d4 d5 3. e5 Bf5 4. Nf3 e6 5. Be2 Nd7 6. O-O Ne7 7. a3 Nc8 8. Nbd2
Be7 9. b4 a5 10. bxa5 Qxa5 11. c4 dxc4 12. Nxc4 Qc7 13. Bb2 O-O 14. a4 Ndb6 15.
Ne3 Bg6 16. a5 Nd7 17. Qd2 Rd8 18. Qc3 Nb8 19. Rfd1 Qd7 20. d5 Qe8 21. dxe6
fxe6 22. Qb3 Nd7 23. Qxe6+ Bf7 24. Qg4 Bh5 25. Qc4+ Kh8 26. Nf5 Bf8 27. Ng5 Bg6
28. Nh4 1-0

[Event "4NCL"]
[Site "Barcelo Hotel, Hinkley Island,"]
[Date "2011.04.30"]
[Round "9.17"]
[White "Mason, Donald J"]
[Black "Mah, Karl CC"]
[Result "1/2-1/2"]
[WhiteElo "2255"]
[BlackElo "2428"]
[PlyCount "49"]
[EventDate "2011.??.??"]
[WhiteTeam "Warwickshire Select 1"]
[BlackTeam "Cambridge University 1"]

1. d4 d5 2. c4 c6 3. Nf3 Nf6 4. Nc3 e6 5. Bg5 h6 6. Bxf6 Qxf6 7. e3 g6 8. Bd3
Bg7 9. O-O O-O 10. e4 dxe4 11. Nxe4 Qf4 12. c5 Nd7 13. Re1 b6 14. b4 a5 15. b5
bxc5 16. bxc6 Nb8 17. Ne5 Bxe5 18. g3 Qf5 19. Nd6 Qg5 20. dxe5 Na6 21. h4 Qe7
22. Qg4 h5 23. Qf4 Kg7 24. Bb5 Nc7 25. a4 1/2-1/2

[Event "4NCL"]
[Site "Barcelo Hotel, Hinkley Island,"]
[Date "2011.04.30"]
[Round "9.17"]
[White "Dearing, Edward J"]
[Black "Shephard, Chris CW"]
[Result "1/2-1/2"]
[WhiteElo "2412"]
[BlackElo "2222"]
[PlyCount "110"]
[EventDate "2011.??.??"]
[WhiteTeam "Cambridge University 1"]
[BlackTeam "Warwickshire Select 1"]

1. d4 Nf6 2. c4 c5 3. d5 e5 4. Nc3 d6 5. e4 g6 6. Be2 Bg7 7. Bg5 h6 8. Be3 a6
9. a4 Qe7 10. g4 h5 11. g5 Nh7 12. Nf3 Bg4 13. h4 Nd7 14. a5 O-O 15. Nd2 Bxe2
16. Qxe2 Kh8 17. Kd1 Rg8 18. Kc2 Rab8 19. Nb3 Qd8 20. Rhb1 Qe7 21. Nc1 Rgc8 22.
Nd3 Rc7 23. b3 Rbc8 24. Rg1 Rg8 25. Na4 Rb8 26. Rab1 Rbc8 27. Kb2 Rg8 28. Ka2
Rgc8 29. Rgc1 Bf8 30. b4 cxb4 31. Rxb4 Qe8 32. Qb2 Kg8 33. Qb3 Rb8 34. Rb1 Rbc8
35. Ndb2 Be7 36. Rxb7 f6 37. Rxc7 Rxc7 38. Rg1 fxg5 39. hxg5 Kg7 40. Qd3 Nhf8
41. Qc3 Kh7 42. Qb3 Qf7 43. Rg3 Qe8 44. f4 exf4 45. Bxf4 Nc5 46. Nxc5 Rxc5 47.
Bd2 Nd7 48. Qb7 Rc8 49. Be3 Ne5 50. Qb3 Rb8 51. Qc2 Bd8 52. Bd2 Qf7 53. Bc3 Qf4
54. Rg2 Ng4 55. Re2 Qxg5 1/2-1/2

[Event "4NCL"]
[Site "Barcelo Hotel, Hinkley Island,"]
[Date "2011.04.30"]
[Round "9.17"]
[White "Pitcher, John"]
[Black "Pinter, Gabor"]
[Result "0-1"]
[WhiteElo "2217"]
[BlackElo "2363"]
[PlyCount "81"]
[EventDate "2011.??.??"]
[WhiteTeam "Warwickshire Select 1"]
[BlackTeam "Cambridge University 1"]

1. e4 c5 2. Nf3 e6 3. c3 Nf6 4. e5 Nd5 5. g3 Nc6 6. Bg2 b6 7. O-O Bb7 8. Re1 d6
9. exd6 Bxd6 10. d4 O-O 11. c4 Nde7 12. Nc3 cxd4 13. Nxd4 Bb4 14. Nxc6 Bxc6 15.
Qb3 Bxg2 16. Kxg2 Nc6 17. Be3 Qc7 18. Red1 Be7 19. Nb5 Qb7 20. f3 Rac8 21. Rac1
Rfd8 22. Rxd8+ Rxd8 23. Rd1 Rc8 24. Nd6 Bxd6 25. Rxd6 h6 26. Qd1 Qa6 27. b3
Qxa2+ 28. Bf2 Qb2 29. Qd3 Qf6 30. Qe4 Na5 31. c5 bxc5 32. Qa4 Qc3 33. Qd7 Ra8
34. Rd3 Qb4 35. Qc7 Nxb3 36. Rd7 Rf8 37. Qxa7 c4 38. Rc7 e5 39. Qa6 Nd2 40. Bc5
Qb1 41. g4 0-1

[Event "4NCL"]
[Site "Barcelo Hotel, Hinkley Island,"]
[Date "2011.04.30"]
[Round "9.17"]
[White "Bisby, Daniel L"]
[Black "Clarke, Brandon GI"]
[Result "1/2-1/2"]
[WhiteElo "2306"]
[BlackElo "2110"]
[PlyCount "89"]
[EventDate "2011.??.??"]
[WhiteTeam "Cambridge University 1"]
[BlackTeam "Warwickshire Select 1"]

1. Nf3 Nf6 2. d4 g6 3. Nc3 d5 4. Bf4 Bg7 5. Qd2 Ne4 6. Nxe4 dxe4 7. Ne5 Be6 8.
O-O-O f6 9. d5 fxe5 10. dxe6 Qd6 11. Bg3 Nc6 12. e3 Qxe6 13. b3 Qd6 14. Qc3
Qa3+ 15. Kb1 Nb4 16. Qb2 Qxb2+ 17. Kxb2 Rd8 18. Bc4 c6 19. Rxd8+ Kxd8 20. Rd1+
Kc7 21. Be6 Nd5 22. c4 Nf4 23. Rd7+ Kb6 24. Bg4 h5 25. c5+ Ka6 26. exf4 exf4+
27. Kc2 fxg3 28. Be2+ b5 29. hxg3 Rf8 30. f3 Rf5 31. b4 Re5 32. Rc7 Re6 33. a4
Be5 34. Rxc6+ Rxc6 35. axb5+ Kb7 36. bxc6+ Kxc6 37. fxe4 Bxg3 38. Kd3 a5 39.
bxa5 Kxc5 40. a6 Bb8 41. Ke3 e5 42. Kd3 Ba7 43. Kc3 Bb6 44. Bc4 g5 45. Bf7
1/2-1/2

[Event "4NCL"]
[Site "Barcelo Hotel, Hinkley Island,"]
[Date "2011.04.30"]
[Round "9.17"]
[White "Webster, Paul"]
[Black "Moskovic, David M"]
[Result "0-1"]
[WhiteElo "2034"]
[BlackElo "2293"]
[PlyCount "84"]
[EventDate "2011.??.??"]
[WhiteTeam "Warwickshire Select 1"]
[BlackTeam "Cambridge University 1"]

1. d4 Nf6 2. Bf4 g6 3. Nf3 Bg7 4. e3 d6 5. Nbd2 Nh5 6. Bg3 Nxg3 7. hxg3 e5 8.
c3 Nd7 9. Bc4 O-O 10. O-O Qe7 11. Qc2 c6 12. Bb3 Nf6 13. dxe5 dxe5 14. e4 Bg4
15. Nc4 Nh5 16. Nh2 Be6 17. Ne3 Bd7 18. Rad1 Rad8 19. Qe2 Nf6 20. Qc2 Bc8 21.
Rxd8 Rxd8 22. Rd1 Rxd1+ 23. Nxd1 Qd6 24. Ne3 b5 25. a3 Bh6 26. Nhf1 Bd7 27. Ba2
a6 28. b4 Kg7 29. Bb1 Ng4 30. Nxg4 Bxg4 31. f3 Be6 32. Kf2 Qd8 33. a4 Bc4 34.
axb5 axb5 35. Ne3 Bxe3+ 36. Kxe3 Qb6+ 37. Kd2 Qg1 38. Qd1 Qxg2+ 39. Ke3 Qxg3
40. Bd3 Qg5+ 41. Kf2 Qh4+ 42. Kg2 Qd8 0-1

[Event "4NCL"]
[Site "Barcelo Hotel, Hinkley Island,"]
[Date "2011.04.30"]
[Round "9.17"]
[White "Graw, Christopher"]
[Black "Weaving, Richard"]
[Result "1/2-1/2"]
[WhiteElo "2257"]
[BlackElo "2027"]
[PlyCount "142"]
[EventDate "2011.??.??"]
[WhiteTeam "Cambridge University 1"]
[BlackTeam "Warwickshire Select 1"]

1. d4 d5 2. c4 e6 3. Nc3 Nf6 4. cxd5 exd5 5. Bg5 c6 6. e3 Bf5 7. Qf3 Bg6 8.
Bxf6 Qxf6 9. Qxf6 gxf6 10. Kd2 Nd7 11. Nf3 Nb6 12. Nh4 Nc4+ 13. Kc1 b5 14. Be2
a5 15. Re1 O-O-O 16. Bg4+ Kc7 17. Bf5 a4 18. Kc2 a3 19. b3 Nd6 20. Bd3 f5 21.
g3 Be7 22. Ng2 Bh5 23. Rf1 Rhe8 24. f3 Bg5 25. Rae1 f6 26. h3 Bh6 27. g4 Bg6
28. Re2 b4 29. Na4 Nb5 30. Rfe1 fxg4 31. hxg4 Re7 32. Bxg6 hxg6 33. Kd3 f5 34.
Rh1 fxg4 35. f4 Bg7 36. Rh4 Rde8 37. Rd2 g5 38. fxg5 g3 39. Rg4 Nd6 40. Nc5 Nf5
41. Rf4 Nxe3 42. Na6+ Kd6 43. Nxb4 Nxg2 44. Rxg2 Re4 45. Rxe4 Rxe4 46. Nc2 Rg4
47. Ke3 Ke6 48. Kf3 Rxg5 49. Rxg3 Rxg3+ 50. Kxg3 Bf8 51. Kf3 c5 52. Ke3 cxd4+
53. Nxd4+ Ke5 54. Kd3 Bc5 55. Nc2 Bd6 56. Ne3 Be7 57. Nc2 Bf8 58. Ne1 Bc5 59.
Kc3 Ke4 60. b4 Bf2 61. Nc2 d4+ 62. Kc4 d3 63. Nxa3 d2 64. Nb1 d1=N 65. a4 Nb2+
66. Kb3 Nxa4 67. Kxa4 Be1 68. b5 Kd5 69. Na3 Kc5 70. Nc2 Bd2 71. Na1 Bc3
1/2-1/2

[Event "4NCL"]
[Site "Barcelo Hotel, Hinkley Island,"]
[Date "2011.04.30"]
[Round "9.17"]
[White "Chevannes, Sabrina L"]
[Black "Stepanyan, Astghik"]
[Result "1-0"]
[WhiteElo "2062"]
[BlackElo "1823"]
[PlyCount "37"]
[EventDate "2011.??.??"]
[WhiteTeam "Cambridge University 1"]
[BlackTeam "Warwickshire Select 1"]

1. d4 d5 2. Bf4 Nf6 3. e3 e6 4. c4 c5 5. Nc3 a6 6. Nf3 Nc6 7. dxc5 Bxc5 8. a3
dxc4 9. Qxd8+ Nxd8 10. Bxc4 b5 11. Be2 Bb7 12. O-O O-O 13. Rac1 Rc8 14. Rfd1
Be7 15. Ne5 Ba8 16. Nd5 Nxd5 17. Rxc8 Bb7 18. Rcc1 Bc8 19. Rxc8 1-0

[Event "4NCL"]
[Site "Barcelo Hotel, Hinkley Island,"]
[Date "2011.04.30"]
[Round "9.18"]
[White "Jirka, Jiri"]
[Black "Rendle, Thomas E"]
[Result "1-0"]
[WhiteElo "2425"]
[BlackElo "2397"]
[PlyCount "119"]
[EventDate "2011.??.??"]
[WhiteTeam "The AD's"]
[BlackTeam "Sambuca Sharks"]

1. d4 f5 2. g3 Nf6 3. Bg2 g6 4. b3 Bg7 5. Bb2 O-O 6. Nf3 d6 7. O-O c6 8. Nbd2
Qc7 9. Re1 Ne4 10. Nxe4 fxe4 11. Nd2 d5 12. f3 Qb6 13. fxe4 Bxd4+ 14. Bxd4
Qxd4+ 15. e3 Qc5 16. exd5 cxd5 17. b4 Qxb4 18. Bxd5+ e6 19. Bb3 Nc6 20. a3 Qc5
21. Qg4 Ne5 22. Qd4 Qa5 23. Rf1 Bd7 24. Ne4 Nf3+ 25. Rxf3 Rxf3 26. Qxd7 Qe5 27.
Qxe6+ Qxe6 28. Bxe6+ Kg7 29. Re1 Rd8 30. Ng5 Rf6 31. Bb3 Re8 32. e4 b5 33. Nh3
Ra6 34. Nf4 Rxa3 35. Ne6+ Kh6 36. Bd5 Rc3 37. Re2 a5 38. Nd4 b4 39. Bb3 Ra8 40.
Ba4 Ra3 41. Bc6 Rd8 42. e5 Rxd4 43. e6 Rd8 44. e7 Rb8 45. e8=Q Rxe8 46. Bxe8 a4
47. Kf2 Ra2 48. Bf7 Rb2 49. Ke3 Kg5 50. Kd3 Kf5 51. Be6+ Kf6 52. Bd5 Rb1 53.
Kd2 b3 54. cxb3 a3 55. Kc3 Rc1+ 56. Kb4 Ra1 57. Bc4 h5 58. Ka4 h4 59. gxh4 a2
60. Ka3 1-0